Statistics for Movie Character to Actor #3

Click here to take the quiz!

General Stats

  • This quiz has been taken 29,274 times
    (14,813 since last reset)
  • The average score is 14 of 26

Answer Stats

Character Actor % Correct
Rocky BalboaSylvester Stallone
89%
Edward ScissorhandsJohnny Depp
88%
BatmanChristian Bale
84%
WolverineHugh Jackman
84%
Benjamin ButtonBrad Pitt
80%
BatmanGeorge Clooney
76%
BatmanBen Affleck
73%
BatmanMichael Keaton
69%
BatmanAdam West
64%
BoratSacha Baron Cohen
63%
Bridget JonesRenée Zellweger
63%
Frodo BagginsElijah Wood
61%
Clarice StarlingJodie Foster
59%
BatmanVal Kilmer
59%
Edward CullenRobert Pattinson
56%
T-800Arnold Schwarzenegger
54%
Rhett ButlerClark Gable
41%
Scarlett O'HaraVivien Leigh
36%
The TrampCharlie Chaplin
33%
Steve ZissouBill Murray
32%
Dr. StrangelovePeter Sellers
30%
Clarice StarlingJulianne Moore
29%
Royal TenenbaumGene Hackman
26%
Apollo CreedCarl Weathers
24%
Rick BlaineHumphrey Bogart
23%
Napoleon DynamiteJon Heder
20%

Score Distribution

Percentile by Number Answered

Percent of People with Each Score

Your Score History

You have not taken this quiz since the last reset